• 首页
  • 本馆介绍
  • 公告通知
  • 最新文献
  • 馆藏检索
  • 电子资源
  • 读者导购
  • 参考咨询
  • 我的图书馆
  • 登录
  • 详细信息显示
  • 放入我的书架
  • 预约/预借图书
  • 作者相关作品
  • 分类相关作品
  • 丛书相关作品
  • 出版社相关作品

书目信息

  • 表格格式
  • 工作单格式
  • 卡片格式
题名:
文艺鉴赏指导
    
 
作者: ;中国青年出版社 编
分册: 一  
出版信息: 北京   中国青年出版社  1982.7
页数: 158页
开本: 19cm
丛书名: 青年修养通讯
单 册:
中图分类: D432-51
科图分类:
主题词: 学生运动 , 青年运动 , 青年组织 , 学生组织
电子资源:
ISBN:
000 00689nam0 2200253 45
001 0302260874
005 20070719162731.79
010    @dCNY0.39
091    @a7009.282
100    @a20030226d1982 km y0chiy0120 ea
101 0  @achi
200 1  @a文艺鉴赏指导@h一@AWen Yi Jian Shang Zhi Dao@f本社编@FBen She Bian
210    @a北京@c中国青年出版社@d1982.7
215    @a158页@d19cm
225    @a青年修养通讯@h第十二
410    @12001 @a青年修养通讯
606 0  @a学生运动
606 0  @a青年运动
606 0  @a青年组织
606 0  @a学生组织
690    @aD432-51@v3
711 02 @a中国青年出版社@AZhong Guo Qing Nian Chu Ban She@4编
801    @aCN@bTSTC@c20070719
905    @dD432-51@e50:1
    
    文艺鉴赏指导.一/本社编.-北京:中国青年出版社,1982.7
    158页;19cm.-(青年修养通讯.第十二)
    
    
    ISBN :CNY0.39
    
●
相关链接 在E读中查询图书 在五车中查询图书 在当当中查询图书 在豆瓣中查询图书


正题名:文艺鉴赏指导     索取号:D432-51/50:1         预约/预借

序号 登录号 条形码 馆藏地/架位号 状态 备注
1 0422282   204222821   密集书库/ [索取号:D432-51/50:1] 在馆    
2 0427717   204277175   密集书库/ [索取号:D432-51/50:1] 在馆    
3 0427718   204277184   密集书库/ [索取号:D432-51/50:1] 在馆    
4 0427719   204277193   密集书库/ [索取号:D432-51/50:1] 在馆    
5 0427720   204277200   密集书库/ [索取号:D432-51/50:1] 在馆    
6 0446760   204467601   密集书库/ [索取号:D432-51/50:1] 在馆    
7 0446773   204467736   密集书库/ [索取号:D432-51/50:1] 在馆    
8 0447338   204473382   密集书库/ [索取号:D432-51/50:1] 在馆    
9 0459311   204593118   密集书库/ [索取号:D432-51/50:1] 在馆    
10 0459312   204593127   密集书库/ [索取号:D432-51/50:1] 在馆    
11 0465311   204653115   密集书库/ [索取号:D432-51/50:1] 在馆    
12 0465312   204653124   密集书库/ [索取号:D432-51/50:1] 在馆    
13 0465313   204653133   密集书库/ [索取号:D432-51/50:1] 在馆    
14 0465314   204653142   密集书库/ [索取号:D432-51/50:1] 在馆    
15 0766513   207665132   密集书库/ [索取号:D432-51/50:1] 在馆    
唐山师范学院图书馆 欢迎您!
大连网信软件有限公司© 版权所有